LEADER 01766nam 2200505 450 001 9910797975603321 005 20200520144314.0 010 $a0-7391-8435-0 035 $a(CKB)3710000000540257 035 $a(EBL)4206447 035 $a(MiAaPQ)EBC4206447 035 $a(Au-PeEL)EBL4206447 035 $a(CaPaEBR)ebr11136137 035 $a(CaONFJC)MIL883530 035 $a(OCoLC)933434171 035 $a(EXLCZ)993710000000540257 100 $a20160113h20152015 uy 0 101 0 $aeng 135 $aur|n|---||||| 181 $2rdacontent 182 $2rdamedia 183 $2rdacarrier 200 10$aExploring an African civil society $edevelopment and democracy in Malawi, 1994-2014 /$fClive Gabay 210 1$aLanham, Maryland :$cLexington Books,$d2015. 210 4$dİ2015 215 $a1 online resource (133 p.) 300 $aDescription based upon print version of record. 311 $a0-7391-8434-2 320 $aIncludes bibliographical references and index. 327 $a_GoBack; _GoBack 330 $aThis book adopts a critical approach to the emergence and function of civil society organizations in Africa, with a particular focus on Malawi. Foucauldian and critical international political economy frameworks are used to interpret data gathered from ethnographic research in Malawi. 606 $aDemocracy$zMalawi 606 $aCivil society$zMalawi 607 $aMalawi$xPolitics and government$y1994- 615 0$aDemocracy 615 0$aCivil society 676 $a320.96897 700 $aGabay$b Clive$0897147 801 0$bMiAaPQ 801 1$bMiAaPQ 801 2$bMiAaPQ 906 $aBOOK 912 $a9910797975603321 996 $aExploring an African civil society$93774868 997 $aUNINA LEADER 02675nam0 22004331i 450 001 UON00039988 005 20231205102141.301 100 $a20020107d1955 |0itac50 ba 101 $agrc$aLAT 102 $aDE 105 $a|||| 1|||| 200 1 $aFlavii Iosephi Opera$fedidit et apparatu critico instruxit Benedictus Niese 210 $aBerlin$cWeidmannos$d1955 215 $a7 v.$d24 c 300 $aContenuto : v.1-4: Antiquatatum iudaicarum I-XX et vita ; v.5: De iudaeorum vetustate sive contra Apionem ; v.6: De bello iudaico ; v.7: index 316 $aaltri inv. 47694-699$5IT-UONSI SEBVIB/008 (1-7) 500 1$3UON00355750$aBellum Judaicum / Flavius Iosephus$916605 517 1$3UON00355743$aVita / Falvius Iosephus 517 1$3UON00355744$aContra Apionem / Flavius Iosephus 517 1$3UON00355745$aAntiquitates Judaicae / Flavius Iosephus 606 $aISRAELE$xStoria$xPeriodo romano$3UONC008962$2FI 606 $aEBRAISMO$xPERIODO RABBINICO$3UONC011817$2FI 620 $aDE$dBerlin$3UONL003157 686 $aSEB VI B$cSTUDI EBRAICI - LETTERATURA - TALMUD E LETTERATURA RABBINICA$2A 700 1$aIOSEPHUS$bFlavius$3UONV025344$0164253 702 1$aNIESE$bBenedikt$3UONV025350 712 $aWeidmannsche Buchhandlung$3UONV248927$4650 790 0$aFLAVIUS IOSEPHUS$zIOSEPHUS, Flavius$3UONV025349 801 $aIT$bSOL$c20240220$gRICA 912 $aUON00039988 950 $aSIBA - SISTEMA BIBLIOTECARIO DI ATENEO$dSI SEB VI B 008 (1-7) $eSI SEM387 5 008 (1-7) altri inv. 47694-699 950 $aSIBA - SISTEMA BIBLIOTECARIO DI ATENEO$dSI SEB VI B 008 (2) $eSI SA 47694 5 008 (2) 950 $aSIBA - SISTEMA BIBLIOTECARIO DI ATENEO$dSI SEB VI B 008 (3) $eSI SA 47695 5 008 (3) 950 $aSIBA - SISTEMA BIBLIOTECARIO DI ATENEO$dSI SEB VI B 008 (4) $eSI SA 47696 5 008 (4) 950 $aSIBA - SISTEMA BIBLIOTECARIO DI ATENEO$dSI SEB VI B 008 (5) $eSI SA 47697 5 008 (5) 950 $aSIBA - SISTEMA BIBLIOTECARIO DI ATENEO$dSI SEB VI B 008 (6) $eSI SA 47698 5 008 (6) 950 $aSIBA - SISTEMA BIBLIOTECARIO DI ATENEO$dSI SEB VI B 008 (7) $eSI SA 47699 5 008 (7) 996 $aBellum Judaicum$916605 997 $aUNIOR